| 000 | 00822nam a2200217 a 4500 | ||
|---|---|---|---|
| 005 | 20251127192137.0 | ||
| 008 | 061130s2004 mx r 000 0 spa d | ||
| 020 | _a8495294540 | ||
| 035 | _aUPN01000148467 | ||
| 049 | _aCG | ||
| 050 | 4 |
_aLF4697 A3 _bM8.2 |
|
| 100 | 1 |
_aMöller Recondo, Claudia, _d1967- |
|
| 245 | 1 | 0 |
_aComuneros y universitarios : _bhacia la construcción del monopolio del saber / _cClaudia Möller Recondo. |
| 260 |
_aBuenos Aires : _bMiño y Dávila, _c2004. |
||
| 300 | _a277 p. | ||
| 440 | 0 |
_aIdeas en debate. _pHistoria antigüa y moderna |
|
| 610 | 2 | 4 |
_aUNIVERSIDAD DE SALAMANCA - _xHISTORIA - _ySIGLO XVI _97984 |
| 650 | 4 |
_aEDUCACION SUPERIOR - _zSALAMANCA, ESPAÑA - _xHISTORIA - _ySIGLO XVI _97986 |
|
| 650 | 4 |
_aEducación superior y Estado _zEspaña _xAspectos políticos _97985 |
|
| 905 | _aLibro | ||
| 999 |
_c120609 _d120609 |
||